<?xml version="1.0" encoding="UTF-8"?>
<record
    xmlns:xsi="http://www.w3.org/2001/XMLSchema-instance"
    xsi:schemaLocation="http://www.loc.gov/MARC21/slim http://www.loc.gov/standards/marcxml/schema/MARC21slim.xsd"
    xmlns="http://www.loc.gov/MARC21/slim">

  <leader>01362nam a22001457a 4500</leader>
  <datafield tag="999" ind1=" " ind2=" ">
    <subfield code="c">521138</subfield>
    <subfield code="d">521138</subfield>
  </datafield>
  <controlfield tag="008">221216b           ||||| |||| 00| 0 eng d</controlfield>
  <datafield tag="100" ind1=" " ind2=" ">
    <subfield code="a">DeCicca, P., Kenkel, D. and Lovenheim, M.F. </subfield>
    <subfield code="9">36312</subfield>
  </datafield>
  <datafield tag="245" ind1=" " ind2=" ">
    <subfield code="a">The economics of tobacco regulation: A comprehensive review</subfield>
  </datafield>
  <datafield tag="260" ind1=" " ind2=" ">
    <subfield code="a">Journal of Economic Literature  </subfield>
  </datafield>
  <datafield tag="300" ind1=" " ind2=" ">
    <subfield code="a">60(3), Sep, 2022: p.883-970</subfield>
  </datafield>
  <datafield tag="520" ind1=" " ind2=" ">
    <subfield code="a">Tobacco regulation has been a major component of health policy in the developed world since the UK Royal College of Physicians' and the US Surgeon General's reports in the 1960s. Such regulation, which has intensified in the past two decades, includes cigarette taxation, place-based smoking bans in areas ranging from bars and restaurants to workplaces, and regulations designed to make tobacco products less desirable. More recently, the availability of alternative products, most notably e-cigarettes, has increased dramatically, and these products are just starting to be regulated. Despite an extensive body of research on tobacco regulations, there remains substantial debate regarding their effectiveness, and ultimately, their impact on economic welfare. We provide the first comprehensive review of the state of research in the economics of tobacco regulation in two decades. &#x2013; Reproduced </subfield>
  </datafield>
  <datafield tag="773" ind1=" " ind2=" ">
    <subfield code="a">Journal of Economic Literature  </subfield>
  </datafield>
  <datafield tag="906" ind1=" " ind2=" ">
    <subfield code="a">HEALTH POLICY</subfield>
  </datafield>
  <datafield tag="942" ind1=" " ind2=" ">
    <subfield code="c">AR</subfield>
  </datafield>
  <datafield tag="952" ind1=" " ind2=" ">
    <subfield code="0">0</subfield>
    <subfield code="1">0</subfield>
    <subfield code="2">ddc</subfield>
    <subfield code="4">0</subfield>
    <subfield code="7">0</subfield>
    <subfield code="9">395189</subfield>
    <subfield code="a">IIPA</subfield>
    <subfield code="b">IIPA</subfield>
    <subfield code="d">2022-12-16</subfield>
    <subfield code="h">60(3), Sep, 2022: p.883-970</subfield>
    <subfield code="p">AR127699</subfield>
    <subfield code="r">2022-12-16</subfield>
    <subfield code="y">AR</subfield>
  </datafield>
</record>
